[Event "Madrid-ch Previa-A"]
[Site "Madrid"]
[Date "2020.02.12"]
[Round "6"]
[White "Lizon Martinez, Santiago"]
[Black "Del Castillo Izquierdo, Jose"]
[Result "0-1"]
[WhiteElo "1738"]
[BlackElo "1602"]
[PlyCount "54"]
[EventDate "2020.02.03"]
[EventType "swiss"]
[EventRounds "9"]
[EventCountry "ESP"]
[SourceTitle "EXT 2021"]
[Source "ChessBase"]
[SourceDate "2020.10.23"]
[SourceVersion "1"]
[SourceVersionDate "2020.10.23"]
[SourceQuality "1"]

1. e4 e5 2. Nf3 Nc6 3. Bb5 Nf6 4. d3 Bc5 5. 0-0 d6 6. c3 a6 7. Ba4 0-0 8. h3 Ne7 9. d4 exd4 10. cxd4 Ba7 11. Nc3 b5 12. Bc2 Bb7 13. a3 Ng6 14. Be3 Re8 15. Nd2 Qe7 16. Qe2 c6 17. Rfe1 c5 18. d5 b4 19. axb4 cxb4 20. Na4 a5 21. Bxa7 Rxa7 22. Bd3 Nf4 23. Qe3 N6xd5 24. Qxa7 Nxd3 25. Rad1 N5f4 26. Qe3 Qg5 27. Qf3 Ne5 0-1

[Event "Madrid-ch Previa-A"]
[Site "Madrid"]
[Date "2020.02.11"]
[Round "5"]
[White "Marcos Herrero, Francisco"]
[Black "Lizon Martinez, Santiago"]
[Result "1-0"]
[WhiteElo "1883"]
[BlackElo "1738"]
[PlyCount "31"]
[EventDate "2020.02.03"]
[EventType "swiss"]
[EventRounds "9"]
[EventCountry "ESP"]
[SourceTitle "EXT 2021"]
[Source "ChessBase"]
[SourceDate "2020.10.23"]
[SourceVersion "1"]
[SourceVersionDate "2020.10.23"]
[SourceQuality "1"]

1. Nf3 d5 2. d4 Bf5 3. g3 Nf6 4. Bg2 e6 5. 0-0 Be7 6. c4 c6 7. Qb3 Qb6 8. Nc3 h6 9. c5 Qxb3 10. axb3 Na6 11. Bd2 Ne4 12. Nxe4 Bxe4 13. Ne5 Bc2 14. Nxc6 Bxb3 15. Na5 Bc4 16. Nxc4 1-0

[Event "Collado Villalba 64 op 7th"]
[Site "Collado Villalba"]
[Date "2019.08.04"]
[Round "9"]
[White "Lizon Martinez, Santiago"]
[Black "Camarero Izquierdo, Juan Carlos"]
[Result "0-1"]
[WhiteElo "1739"]
[BlackElo "1801"]
[PlyCount "121"]
[EventDate "2019.07.29"]
[EventType "swiss"]
[EventRounds "9"]
[EventCountry "ESP"]
[SourceTitle "CBM 195 Extra"]
[Source "ChessBase"]
[SourceDate "2020.05.31"]
[SourceVersion "1"]
[SourceVersionDate "2020.05.31"]
[SourceQuality "1"]

1. e4 c5 2. Nf3 d6 3. d4 cxd4 4. Nxd4 Nf6 5. Nc3 a6 6. h3 e6 7. g4 Be7 8. g5 Nfd7 9. Bg2 Bxg5 10. Nxe6 fxe6 11. Qh5+ g6 12. Qxg5 Nc6 13. Qxd8+ Nxd8 14. Bf4 e5 15. Be3 Nf6 16. 0-0-0 Nf7 17. f4 0-0 18. Rhf1 Nh5 19. fxe5 dxe5 20. Nd5 b5 21. Bc5 Be6 22. Bxf8 Bxd5 23. exd5 Rxf8 24. Bf3 Nf4 25. Bg4 Nd6 26. Rde1 h5 27. Be6+ Kg7 28. Rxe5 Ne2+ 29. Rxe2 Rxf1+ 30. Kd2 g5 31. Kc3 Rf4 32. Kd3 Kf6 33. b3 b4 34. c4 bxc3 35. Kxc3 g4 36. hxg4 hxg4 37. Bg8 g3 38. Rg2 Nf5 39. Be6 Rf2 40. Rg1 Nd6 41. Kd3 Rf3+ 42. Ke2 Rc3 43. Bh3 Kg5 44. Bg2 Kg4 45. Kd2 Rc7 46. Re1 Rh7 47. Ke2 Rf7 48. Rf1 Re7+ 49. Kd3 Nf5 50. Bf3+ Kg5 51. Be4 Nh4 52. Rg1 Kg4 53. Kd4 Nf5+ 54. Bxf5+ Kxf5 55. d6 Re2 56. Kd5 Re3 57. d7 Rd3+ 58. Kc4 Rxd7 59. Rf1+ Kg4 60. Rf6 Rg7 61. Re6 0-1

[Event "Collado Villalba 64 op 7th"]
[Site "Collado Villalba"]
[Date "2019.07.29"]
[Round "1"]
[White "Lizon Martinez, Santiago"]
[Black "Olmedo Aznar, Mario"]
[Result "1/2-1/2"]
[WhiteElo "1739"]
[BlackElo "1163"]
[PlyCount "82"]
[EventDate "2019.07.29"]
[EventType "swiss"]
[EventRounds "9"]
[EventCountry "ESP"]
[SourceTitle "CBM 195 Extra"]
[Source "ChessBase"]
[SourceDate "2020.05.31"]
[SourceVersion "1"]
[SourceVersionDate "2020.05.31"]
[SourceQuality "1"]

1. e4 e6 2. d4 d5 3. e5 c5 4. c3 Nc6 5. Nf3 Qb6 6. a3 c4 7. Be2 Be7 8. 0-0 Bd7 9. Re1 Na5 10. Nbd2 Nb3 11. Nxb3 Qxb3 12. Qxb3 cxb3 13. Nd2 Nh6 14. Nxb3 Nf5 15. Nd2 0-0 16. Nf3 f6 17. Bd3 fxe5 18. Nxe5 Bc8 19. Bd2 Bd6 20. h3 Ne7 21. Re2 Nc6 22. Nf3 h6 23. Rae1 Bd7 24. Bb5 Rae8 25. Bxc6 bxc6 26. Ne5 Bxe5 27. Rxe5 Rf6 28. R1e3 Rb8 29. b4 a6 30. f3 Rbf8 31. Be1 Rf4 32. Bg3 R4f6 33. Re2 Rg6 34. Kh2 Rgf6 35. R5e3 Re8 36. Be5 Rf7 37. f4 g6 38. Rg3 Kh7 39. Rg4 Rg8 40. Re3 Rf5 41. Reg3 Be8 1/2-1/2

[Event "Madrid-ch Previa-A"]
[Site "Madrid"]
[Date "2019.02.18"]
[Round "7"]
[White "Martinez Carrasco, Jesus"]
[Black "Lizon Martinez, Santiago"]
[Result "0-1"]
[WhiteElo "1567"]
[BlackElo "1663"]
[PlyCount "33"]
[EventDate "2019.02.04"]
[EventType "swiss"]
[EventRounds "9"]
[EventCountry "ESP"]
[SourceTitle "EXT 2021"]
[Source "ChessBase"]
[SourceDate "2020.10.23"]
[SourceVersion "1"]
[SourceVersionDate "2020.10.23"]
[SourceQuality "1"]

1. d4 Nf6 2. c4 e6 3. Nc3 Bb4 4. Qc2 b6 5. Nf3 Bb7 6. e3 0-0 7. Be2 d5 8. cxd5 exd5 9. a3 Bd6 10. 0-0 Nbd7 11. h3 a6 12. Bd3 h6 13. Bd2 c5 14. b3 Rc8 15. dxc5 bxc5 16. Ne2 Re8 17. Ba5 0-1

[Event "Madrid-ch Previa-A"]
[Site "Madrid"]
[Date "2019.02.05"]
[Round "2"]
[White "Lizon Martinez, Santiago"]
[Black "Lopez de Turiso, Jose Angel"]
[Result "1-0"]
[WhiteElo "1663"]
[BlackElo "1970"]
[PlyCount "89"]
[EventDate "2019.02.04"]
[EventType "swiss"]
[EventRounds "9"]
[EventCountry "ESP"]
[SourceTitle "EXT 2021"]
[Source "ChessBase"]
[SourceDate "2020.10.23"]
[SourceVersion "1"]
[SourceVersionDate "2020.10.23"]
[SourceQuality "1"]

1. e4 c5 2. Nf3 Nc6 3. Bb5 e6 4. 0-0 Qc7 5. Re1 Nge7 6. c3 a6 7. Ba4 b5 8. Bc2 d6 9. d3 Ng6 10. Nbd2 Be7 11. Nf1 0-0 12. d4 Bb7 13. Be3 Rad8 14. Ng3 Bc8 15. Rc1 f5 16. exf5 exf5 17. Bg5 h6 18. Bxe7 Ngxe7 19. Qd3 Kh7 20. a3 g6 21. h4 f4 22. Ne2 Bf5 23. Qd2 Nd5 24. b3 c4 25. bxc4 bxc4 26. Rb1 Kg7 27. Rb2 Rb8 28. Reb1 Bxc2 29. Qxc2 Qf7 30. Qa4 Nde7 31. Rxb8 Rxb8 32. Rxb8 Nxb8 33. Qb4 Nd7 34. Qxd6 Nd5 35. Qxa6 N7b6 36. a4 Qe8 37. a5 Qxe2 38. axb6 Qd1+ 39. Kh2 Nf6 40. Qb7+ Kf8 41. Qc8+ Kg7 42. b7 h5 43. Ne5 Ng4+ 44. Nxg4 hxg4 45. Qc7+ 1-0

[Event "Collado Villalba op-B 35th"]
[Site "Collado Villalba"]
[Date "2018.08.31"]
[Round "8"]
[White "Lizon Martinez, Santiago"]
[Black "Centeno Mendoza, Julio Stefano"]
[Result "0-1"]
[WhiteElo "1715"]
[BlackElo "1574"]
[PlyCount "84"]
[EventDate "2018.08.24"]
[EventType "swiss"]
[EventRounds "9"]
[EventCountry "ESP"]
[SourceTitle "CBM 186 Extra"]
[Source "ChessBase"]
[SourceDate "2018.08.24"]
[SourceVersion "1"]
[SourceVersionDate "2018.08.24"]
[SourceQuality "1"]

1. e4 e5 2. Nf3 Nc6 3. Bb5 a6 4. Ba4 Nf6 5. d3 Bc5 6. 0-0 d6 7. c3 0-0 8. Nbd2 Ne7 9. Re1 Ng6 10. Nf1 Bd7 11. Bxd7 Qxd7 12. Ng3 Rad8 13. d4 Ba7 14. Qb3 c6 15. Bg5 h6 16. Bxf6 gxf6 17. Nf5 Kh7 18. Rad1 Ne7 19. Ng3 Qc7 20. Nh4 exd4 21. cxd4 d5 22. e5 fxe5 23. Rxe5 Ng6 24. Nxg6 fxg6 25. Qe3 Rd7 26. h4 Qd6 27. h5 gxh5 28. Re6 Qf4 29. Qd3+ Kh8 30. Re2 h4 31. Nh5 Qg4 32. Re5 Bb8 33. f3 Qg8 34. Rf5 Rdf7 35. Re5 Bxe5 36. dxe5 Rxf3 37. Qd4 c5 38. Qxh4 Qg6 39. Nf6 d4 40. Rf1 Rxf1+ 41. Kxf1 Kg7 42. Qf4 Rxf6 0-1

[Event "Collado Villalba op-B 35th"]
[Site "Collado Villalba"]
[Date "2018.08.29"]
[Round "6"]
[White "Lizon Martinez, Santiago"]
[Black "Garcia Varea, Benjamin"]
[Result "0-1"]
[WhiteElo "1715"]
[BlackElo "1576"]
[PlyCount "75"]
[EventDate "2018.08.24"]
[EventType "swiss"]
[EventRounds "9"]
[EventCountry "ESP"]
[SourceTitle "CBM 186 Extra"]
[Source "ChessBase"]
[SourceDate "2018.08.24"]
[SourceVersion "1"]
[SourceVersionDate "2018.08.24"]
[SourceQuality "1"]

1. e4 Nf6 2. d3 Nc6 3. Nf3 e5 4. Bg5 h6 5. Bh4 Be7 6. Nc3 d6 7. Be2 Bg4 8. Bg3 0-0 9. 0-0 a6 10. a3 b5 11. b3 Bh5 12. Rc1 Qb8 13. Nh4 Bxe2 14. Nxe2 g6 15. c3 Qd8 16. Nf3 Nh5 17. d4 Bf6 18. Qd2 Nxg3 19. Nxg3 Bg7 20. b4 Qe7 21. d5 Na7 22. c4 h5 23. cxb5 Nxb5 24. a4 Nd4 25. Nxd4 exd4 26. Qd3 Rfe8 27. Rfe1 h4 28. Nf1 Qd7 29. Rc6 Reb8 30. Rec1 Ra7 31. R1c4 Rab7 32. Qd2 Kh7 33. Rxa6 Qc8 34. f3 f5 35. exf5 Qxf5 36. Qf2 Qf4 37. b5 Re8 38. Rac6 0-1

[Event "Collado Villalba op-B 35th"]
[Site "Collado Villalba"]
[Date "2018.08.25"]
[Round "2"]
[White "Lizon Martinez, Santiago"]
[Black "Suarez Paz, Alfonso"]
[Result "1/2-1/2"]
[WhiteElo "1715"]
[BlackElo "1842"]
[PlyCount "49"]
[EventDate "2018.08.24"]
[EventType "swiss"]
[EventRounds "9"]
[EventCountry "ESP"]
[SourceTitle "CBM 186 Extra"]
[Source "ChessBase"]
[SourceDate "2018.08.24"]
[SourceVersion "1"]
[SourceVersionDate "2018.08.24"]
[SourceQuality "1"]

1. e4 e5 2. Nf3 d6 3. d4 exd4 4. Nxd4 Nf6 5. Nc3 Be7 6. g3 Bg4 7. f3 Bd7 8. Bg2 Nc6 9. 0-0 Nxd4 10. Qxd4 0-0 11. Kh1 Bc6 12. g4 Nd7 13. f4 Bf6 14. Qe3 Re8 15. Ne2 Nc5 16. Ng3 g6 17. e5 Bxg2+ 18. Kxg2 Nd7 19. Qf3 Be7 20. exd6 Bxd6 21. Bd2 Nc5 22. Rad1 Qh4 23. Be1 Qf6 24. Bc3 Qh4 25. Be1 1/2-1/2

[Event "Madrid-ch Previa-A"]
[Site "Madrid"]
[Date "2018.02.12"]
[Round "4"]
[White "Lizon Martinez, Santiago"]
[Black "Lopez Heras, Arturo"]
[Result "1-0"]
[WhiteElo "1710"]
[BlackElo "1849"]
[PlyCount "93"]
[EventDate "2018.02.05"]
[EventType "swiss"]
[EventRounds "9"]
[EventCountry "ESP"]
[SourceTitle "EXT 2020"]
[Source "ChessBase"]
[SourceDate "2019.10.17"]
[SourceVersion "1"]
[SourceVersionDate "2019.10.17"]
[SourceQuality "1"]

1. e4 c5 2. Nf3 d6 3. d4 cxd4 4. Nxd4 Nf6 5. Nc3 a6 6. h3 e6 7. g4 b5 8. a3 Bb7 9. Bg2 Qc7 10. 0-0 Be7 11. Be3 Nc6 12. Qe2 Nd7 13. Rad1 Na5 14. f4 Nc4 15. Bc1 Nxa3 16. f5 e5 17. Nd5 Bxd5 18. exd5 Nc4 19. Nc6 Nc5 20. g5 Na5 21. Nxe7 Kxe7 22. b4 Ne4 23. f6+ gxf6 24. gxf6+ Kd8 25. bxa5 Nc3 26. Qd2 Nxd1 27. Rxd1 Kc8 28. Ba3 Kb7 29. Qb4 Rad8 30. Rc1 Rhg8 31. c4 Qd7 32. Kh2 Rg6 33. c5 Qf5 34. c6+ Kc7 35. Qd2 Rdg8 36. Bxd6+ Kc8 37. Rg1 Qxf6 38. Bc5 e4 39. Be3 Qh4 40. Qf2 Qh5 41. Qf4 Qxd5 42. Bxe4 Qa2+ 43. Kh1 Rxg1+ 44. Bxg1 Qb3 45. Qf5+ Kb8 46. Bh2+ Ka7 47. Qd7+ 1-0

[Event "Madrid Chamartin op 6th"]
[Site "Madrid"]
[Date "2017.09.08"]
[Round "7"]
[White "Osuna Osuna, Francisco"]
[Black "Lizon Martinez, Santiago"]
[Result "0-1"]
[WhiteElo "1574"]
[BlackElo "1750"]
[PlyCount "46"]
[EventDate "2017.09.04"]
[EventType "swiss"]
[EventRounds "9"]
[EventCountry "ESP"]
[SourceTitle "CBM 180 Extra"]
[Source "ChessBase"]
[SourceDate "2017.10.06"]
[SourceVersion "1"]
[SourceVersionDate "2017.10.06"]
[SourceQuality "1"]

1. e4 c5 2. Nc3 a6 3. f4 e6 4. Nf3 d5 5. exd5 exd5 6. Qe2+ Be7 7. d3 Nf6 8. g3 0-0 9. Bg2 Nc6 10. 0-0 Bg4 11. Qf2 Bxf3 12. Bxf3 Nd4 13. Nd1 Nxf3+ 14. Qxf3 Qd7 15. b3 Rad8 16. Bb2 d4 17. Nf2 Nd5 18. Nd1 Bf6 19. Rc1 Rfe8 20. c3 dxc3 21. Bxc3 Nxc3 22. Nxc3 Bxc3 23. Rxc3 Qd4+ 0-1

[Event "Madrid Chamartin op 6th"]
[Site "Madrid"]
[Date "2017.09.07"]
[Round "6"]
[White "Lizon Martinez, Santiago"]
[Black "Lozano Freras, Sergio"]
[Result "1/2-1/2"]
[WhiteElo "1750"]
[BlackElo "1969"]
[PlyCount "60"]
[EventDate "2017.09.04"]
[EventType "swiss"]
[EventRounds "9"]
[EventCountry "ESP"]
[SourceTitle "CBM 180 Extra"]
[Source "ChessBase"]
[SourceDate "2017.10.06"]
[SourceVersion "1"]
[SourceVersionDate "2017.10.06"]
[SourceQuality "1"]

1. e4 d6 2. d4 Nf6 3. Bd3 e5 4. c3 Be7 5. h3 0-0 6. Nf3 Nbd7 7. 0-0 c6 8. Nbd2 Qc7 9. Re1 a5 10. Nf1 Re8 11. Ng3 Bf8 12. Nf5 Nb6 13. N3h4 Be6 14. Bg5 Nbd7 15. Qf3 h6 16. Bxf6 Nxf6 17. Nxh6+ gxh6 18. Qxf6 Qd8 19. Qxd8 Raxd8 20. Nf3 Bg7 21. Rad1 b5 22. d5 Bd7 23. Nh4 c5 24. Re3 c4 25. Be2 Bf6 26. Rg3+ Kf8 27. Nf3 Ke7 28. Nh2 Rg8 29. Bg4 Be8 30. Nf1 Bg5 1/2-1/2

[Event "Madrid Chamartin op 6th"]
[Site "Madrid"]
[Date "2017.09.06"]
[Round "4"]
[White "Lizon Martinez, Santiago"]
[Black "Elissalt Cardenas, Hector"]
[Result "0-1"]
[WhiteElo "1750"]
[BlackElo "2360"]
[PlyCount "50"]
[EventDate "2017.09.04"]
[EventType "swiss"]
[EventRounds "9"]
[EventCountry "ESP"]
[SourceTitle "CBM 180 Extra"]
[Source "ChessBase"]
[SourceDate "2017.10.06"]
[SourceVersion "1"]
[SourceVersionDate "2017.10.06"]
[SourceQuality "1"]

1. e4 d6 2. d4 Nf6 3. Bd3 e5 4. c3 Nc6 5. Ne2 g6 6. 0-0 Bg7 7. Na3 0-0 8. Nc2 Re8 9. Ng3 d5 10. exd5 Nxd5 11. dxe5 Nxe5 12. Be4 Nf6 13. Qxd8 Rxd8 14. Bg5 h6 15. Bxf6 Bxf6 16. Rad1 c6 17. Ne3 Be6 18. b3 Nd7 19. Ne2 Nc5 20. Bc2 a5 21. Nd4 Bxd4 22. cxd4 Na6 23. a3 Nc7 24. Rfe1 Nb5 25. Nc4 Nxd4 0-1

[Event "Tres Cantos op 9th"]
[Site "Tres Cantos"]
[Date "2017.06.28"]
[Round "7"]
[White "Lizon Martinez, Santiago"]
[Black "Del Valle Del Valle, Rodrigo"]
[Result "1-0"]
[WhiteElo "1775"]
[BlackElo "1507"]
[PlyCount "117"]
[EventDate "2017.06.22"]
[EventType "swiss"]
[EventRounds "9"]
[EventCountry "ESP"]
[SourceTitle "EXT 2019"]
[Source "ChessBase"]
[SourceDate "2018.10.10"]
[SourceVersion "1"]
[SourceVersionDate "2018.10.10"]
[SourceQuality "1"]

1. e4 c5 2. Nf3 Nc6 3. Bb5 g6 4. 0-0 Bg7 5. Re1 e6 6. c3 Nge7 7. d4 cxd4 8. cxd4 a6 9. Bf1 0-0 10. Nc3 d6 11. Be3 f5 12. Bg5 h6 13. Bxe7 Nxe7 14. e5 d5 15. b4 Bd7 16. b5 Qa5 17. Qb3 Rfc8 18. Rec1 Rc7 19. bxa6 bxa6 20. Ne2 Rxc1 21. Rxc1 Qd8 22. Rb1 Kf7 23. Nc1 Bf8 24. Nd3 Bb5 25. Nc5 Bxf1 26. Kxf1 Qc7 27. Qb7 Qxb7 28. Rxb7 a5 29. a4 g5 30. h3 f4 31. Nd2 h5 32. f3 h4 33. Ke2 Bg7 34. Ndb3 Bf8 35. Kd3 Bg7 36. Rb6 Ng6 37. Nxe6 Bxe5 38. Nxg5+ Kg7 39. dxe5 Nxe5+ 40. Kd4 Nc4 41. Ne6+ Kf6 42. Nc7+ Nxb6 43. Nxa8 Nxa4 44. Nxa5 Nb2 45. Nc7 Nd1 46. Nxd5+ Kg5 47. Nc4 Kf5 48. Kd3 Nf2+ 49. Ke2 Nh1 50. Nc3 Ng3+ 51. Kd3 Nh5 52. Ne4 Ng7 53. Nb2 Ke5 54. Nc4+ Kf5 55. Nb2 Ke5 56. Nd1 Nf5 57. Kc4 Ne3+ 58. Nxe3 fxe3 59. Kd3 1-0

[Event "Madrid San Viator op-A 28th"]
[Site "Madrid"]
[Date "2017.05.21"]
[Round "7"]
[White "Sotoca Aguado, Jose"]
[Black "Lizon Martinez, Santiago"]
[Result "1-0"]
[WhiteElo "1860"]
[BlackElo "1750"]
[PlyCount "137"]
[EventDate "2017.03.26"]
[EventType "swiss"]
[EventRounds "9"]
[EventCountry "ESP"]
[SourceTitle "EXT 2018"]
[Source "ChessBase"]
[SourceDate "2017.10.13"]
[SourceVersion "1"]
[SourceVersionDate "2017.10.13"]
[SourceQuality "1"]

1. e4 c5 2. Nf3 d6 3. d4 cxd4 4. Nxd4 Nf6 5. Nc3 a6 6. Bg5 e6 7. f4 Be7 8. Qf3 Qc7 9. 0-0-0 Nbd7 10. Kb1 b5 11. Bd3 Bb7 12. Rhe1 h6 13. Qh3 b4 14. Nce2 0-0-0 15. Bxf6 Bxf6 16. Nb3 Kb8 17. Qe3 a5 18. Ned4 Bxd4 19. Qxd4 a4 20. Nd2 Qc5 21. Nf3 Rhg8 22. Bf1 Nb6 23. Re3 Kc7 24. c3 b3 25. Ree1 bxa2+ 26. Kxa2 Qa5 27. Nd2 d5 28. e5 Ba6 29. Bxa6 Qxa6 30. Qb4 Rd7 31. Nb1 Rb8 32. Na3 Nc4 33. Qc5+ Qc6 34. Qxc6+ Kxc6 35. Nxc4 dxc4 36. Rxd7 Kxd7 37. Rd1+ Kc6 38. Rd6+ Kc7 39. Rd4 Ra8 40. Rxc4+ Kb6 41. Rd4 Ra7 42. Ka3 Kb5 43. Rb4+ Kc5 44. Rd4 Kb5 45. Rb4+ Kc5 46. Rxa4 Rd7 47. Rd4 Ra7+ 48. Kb3 Rb7+ 49. Kc2 Ra7 50. b4+ Kc6 51. Kb3 Ra1 52. Rd2 Rf1 53. g3 g5 54. Rd4 Rh1 55. fxg5 hxg5 56. h4 gxh4 57. gxh4 Rb1+ 58. Kc4 Re1 59. b5+ Kc7 60. Rf4 Rxe5 61. Rxf7+ Kb6 62. Rh7 Rc5+ 63. Kd4 e5+ 64. Ke4 Kxb5 65. h5 Kc4 66. Re7 Kxc3 67. h6 Rc4+ 68. Kxe5 Rh4 69. h7 1-0

[Event "Madrid-ch sf"]
[Site "Madrid"]
[Date "2016.02.24"]
[Round "9"]
[White "Martinez Carrasco, Jesus"]
[Black "Lizon Martinez, Santiago"]
[Result "1/2-1/2"]
[WhiteElo "1624"]
[BlackElo "1681"]
[PlyCount "118"]
[EventDate "2016.02.08"]
[EventType "swiss"]
[EventRounds "9"]
[EventCountry "ESP"]
[SourceTitle "CBM 171 Extra"]
[Source "ChessBase"]
[SourceDate "2016.04.26"]
[SourceVersion "1"]
[SourceVersionDate "2016.04.26"]
[SourceQuality "1"]

1. d4 Nf6 2. c4 e6 3. Nc3 Bb4 4. Qc2 b6 5. e3 Bb7 6. a3 Bxc3+ 7. Qxc3 Ne4 8. Qc2 d6 9. Nf3 Nd7 10. Bd3 f5 11. 0-0 0-0 12. Nd2 Ndf6 13. b3 Qe8 14. f3 Nxd2 15. Bxd2 Qg6 16. Rae1 Rf7 17. d5 Bc8 18. e4 fxe4 19. fxe4 e5 20. Rf3 Bg4 21. Rf2 Raf8 22. Ref1 Nh5 23. Rxf7 Rxf7 24. Rxf7 Qxf7 25. Be3 Nf4 26. Bf1 h5 27. h3 Bd7 28. Qf2 c5 29. Kh2 Ng6 30. Qxf7+ Kxf7 31. Be2 h4 32. Bg5 Ke8 33. Bh5 Kf7 34. Bxh4 b5 35. Kg3 bxc4 36. bxc4 Be8 37. Bd8 Kf8 38. Bg4 Nf4 39. Kf3 Kf7 40. g3 Nd3 41. Ke3 Nb2 42. Be2 Bd7 43. g4 Ke8 44. Ba5 Na4 45. h4 Nb6 46. Kd3 Kf7 47. Bd2 g6 48. h5 Kg7 49. Bg5 Nc8 50. h6+ Kh7 51. Bd2 Ne7 52. g5 Nc8 53. Ba5 Nb6 54. Ke3 Kh8 55. Kf3 Kh7 56. Kg3 Kh8 57. Kf3 Kh7 58. Bd2 Ba4 59. Ke3 Bd7 1/2-1/2

[Event "Madrid-ch sf"]
[Site "Madrid"]
[Date "2016.02.10"]
[Round "3"]
[White "Lizon Martinez, Santiago"]
[Black "Marin Aso, Jose Luis"]
[Result "1/2-1/2"]
[WhiteElo "1681"]
[BlackElo "1846"]
[PlyCount "39"]
[EventDate "2016.02.08"]
[EventType "swiss"]
[EventRounds "9"]
[EventCountry "ESP"]
[SourceTitle "CBM 171 Extra"]
[Source "ChessBase"]
[SourceDate "2016.04.26"]
[SourceVersion "1"]
[SourceVersionDate "2016.04.26"]
[SourceQuality "1"]

1. e4 c5 2. Nf3 e6 3. d4 cxd4 4. Nxd4 Nc6 5. c3 a6 6. Bd3 Nf6 7. 0-0 d6 8. Nd2 Be7 9. Kh1 0-0 10. f4 e5 11. Nxc6 bxc6 12. Nc4 Qc7 13. Qf3 Be6 14. fxe5 dxe5 15. Ne3 Rfd8 16. Bc2 g6 17. Qg3 Nh5 18. Qf3 Nf6 19. Qg3 Nh5 20. Qf3 1/2-1/2

[Event "Madrid San Viator op 22nd"]
[Site "Madrid"]
[Date "2014.06.01"]
[Round "9"]
[White "Alonso Ibanez, Jose"]
[Black "Lizon Martinez, Santiago"]
[Result "0-1"]
[WhiteElo "1572"]
[BlackElo "1804"]
[PlyCount "100"]
[EventDate "2014.03.23"]
[EventType "swiss"]
[EventRounds "9"]
[EventCountry "ESP"]
[SourceTitle "EXT 2015"]
[Source "ChessBase"]
[SourceDate "2014.11.20"]
[SourceVersion "1"]
[SourceVersionDate "2014.11.20"]
[SourceQuality "1"]

1. e4 c5 2. Nf3 Nc6 3. d4 cxd4 4. Nxd4 d6 5. Bc4 Nf6 6. Nc3 g6 7. 0-0 Bg7 8. Re1 Ng4 9. Nxc6 bxc6 10. Qd2 0-0 11. h3 Ne5 12. Qe2 Qb6 13. Bb3 Ba6 14. Qe3 Qxe3 15. Bxe3 Nc4 16. Bxc4 Bxc4 17. Nd1 Rfb8 18. Bc1 a5 19. c3 a4 20. f3 Rb7 21. f4 Ra5 22. g4 f5 23. Ne3 Bd3 24. exf5 gxf5 25. g5 e5 26. fxe5 dxe5 27. h4 f4 28. Ng4 Rf7 29. Bd2 f3 30. h5 Bf5 31. Nf2 Re7 32. Be3 e4 33. Rad1 Rd5 34. Rxd5 cxd5 35. h6 Bh8 36. Nd1 Rd7 37. Bc5 d4 38. Bxd4 Bxd4+ 39. cxd4 Rxd4 40. Ne3 Bg6 41. Rc1 Rd3 42. Rc8+ Kf7 43. Ng4 Rd7 44. Ne5+ Ke6 45. Nxd7 Kxd7 46. Ra8 e3 47. Rxa4 f2+ 48. Kf1 Bd3+ 49. Kg2 f1Q+ 50. Kg3 Qf2+ 0-1

[Event "Madrid San Viator op 22nd"]
[Site "Madrid"]
[Date "2014.04.06"]
[Round "3"]
[White "Porris Rebollar, Ivan"]
[Black "Lizon Martinez, Santiago"]
[Result "0-1"]
[WhiteElo "1529"]
[BlackElo "1804"]
[PlyCount "78"]
[EventDate "2014.03.23"]
[EventType "swiss"]
[EventRounds "9"]
[EventCountry "ESP"]
[SourceTitle "EXT 2015"]
[Source "ChessBase"]
[SourceDate "2014.11.20"]
[SourceVersion "1"]
[SourceVersionDate "2014.11.20"]
[SourceQuality "1"]

1. d4 Nf6 2. Nf3 e6 3. e3 b6 4. Be2 Bb7 5. 0-0 d5 6. b3 Be7 7. Bb2 0-0 8. c4 Nbd7 9. Nbd2 Re8 10. Qc2 Rc8 11. Rfe1 c5 12. Rac1 Bf8 13. Bd3 h6 14. Qb1 a6 15. a4 Bd6 16. cxd5 exd5 17. Ba3 Qe7 18. Qa2 Ne4 19. Rc2 Ndf6 20. h3 Nxd2 21. Nxd2 Ne4 22. Nxe4 dxe4 23. Bc4 cxd4 24. Bxd6 Qxd6 25. exd4 Qxd4 26. b4 Qf6 27. Rce2 Rc7 28. f3 Qd4+ 29. Kh1 Qxc4 30. Qb1 Rce7 31. Re3 Kf8 32. a5 b5 33. Rc1 Qd5 34. Rc5 Qd2 35. Qb3 exf3 36. Rxf3 Bxf3 37. Qxf3 Re1+ 38. Kh2 Qd6+ 39. Qg3 Rh1+ 0-1